| 000 | 00000nas 2200000za 4500 |
|---|---|
| 001 | 9.504343 |
| 003 | CaOODSP |
| 005 | 20230209142217 |
| 007 | cr ||||||||||| |
| 008 | 150406d20142015xxc|| p o||||f| |0fre|d |
| 022 | |a2368-8610 |
| 040 | |aCaOODSP|bfre |
| 043 | |an-cn--- |
| 086 | 1 |aEm5-4F-PDF |
| 110 | 1 |aCanada. |bEmploi et développement social Canada. |bProgramme du travail. |
| 245 | 10|aDisparité des ajustements salariaux. |
| 264 | 1|aOttawa, Ontario : |bEmploi et Développement social Canada |
| 310 | |aAnnuel |
| 362 | 1 |a2014-2015. |
| 775 | 08|tDisparity in wage adjustments.|w(CaOODSP)9.507965 |